Fray Fernando de Trejo y Sanabria / (Record no. 92856)
[ view plain ]
| 000 -LEADER | |
|---|---|
| campo de control de longitud fija | 00669nam a2200205 i 4500 |
| 001 - NÚMERO DE CONTROL | |
| campo de control | 92856 |
| 003 - IDENTIFICADOR DE NÚMERO DE CONTROL | |
| campo de control | ES-MaACL |
| 005 - FECHA Y HORA DE LA ÚLTIMA TRANSACCIÓN | |
| campo de control | 20230906181055.0 |
| 007 - CAMPO FIJO DE DESCRIPCIÓN FÍSICA--INFORMACIÓN GENERAL | |
| campo de control de longitud fija | t| |
| 008 - DATOS DE LONGITUD FIJA--INFORMACIÓN GENERAL | |
| campo de control de longitud fija | 050330s1916 ag ||||1| spa d |
| 100 1# - ENTRADA PRINCIPAL--NOMBRE DE PERSONA | |
| Nombre de persona | Liqueno, José M. |
| 9 (RLIN) | 72521 |
| 245 10 - MENCIÓN DEL TÍTULO | |
| Título | Fray Fernando de Trejo y Sanabria / |
| Mención de responsabilidad, etc. | José María Liqueno. |
| 260 ## - PUBLICACIÓN, DISTRIBUCIÓN, ETC. | |
| Lugar de publicación, distribución, etc. | Córdoba (Rep. Argentina) : |
| Nombre del editor, distribuidor, etc. | Cumbres, |
| Fecha de publicación, distribución, etc. | 1916. |
| 300 ## - DESCRIPCIÓN FÍSICA | |
| Extensión | 2 v. ; |
| Dimensiones | 28 cm. |
| 490 1# - MENCIÓN DE SERIE | |
| Mención de serie | Biblioteca del tercer Centenario Universal Nacional |
| 700 1# - ENTRADA AGREGADA--NOMBRE PERSONAL | |
| Nombre de persona | Trejo y Sanabria, Fernando de. |
| 9 (RLIN) | 111290 |
| 830 0# - PUNTO DE ACCESO ADICIONAL DE SERIE-TÍTULO UNIFORME | |
| Título uniforme | Biblioteca del tercer Centenario Universal Nacional |
| 9 (RLIN) | 232064 |
| 852 ## - LOCALIZACIÓN | |
| Ubicación | ES-MaACL |
| Número de control de estantería | F-1105-06 |
| Estatus retirado | Estado de pérdida | Estado de daño | No para préstamo | Biblioteca de origen | Biblioteca actual | Ubicación en estantería | Fecha de adquisición | Fuente de adquisición | Total de préstamos | Signatura topográfica completa | Código de barras | Visto por última vez | Precio de reemplazo | Tipo de ítem Koha |
|---|---|---|---|---|---|---|---|---|---|---|---|---|---|---|
| Biblioteca del Ateneo de Madrid | Biblioteca del Ateneo de Madrid | Depósito 2 | 17/01/2008 | F-1105-06 | 1096936 | 23/02/2023 | 23/02/2023 | Libro impreso |
